000 00563nam a2200229Ia 4500
005 20250425162130.0
008 250425s9999 xx 000 0 und d
020 _a9681845609
041 _aspa
082 _a547
100 _aGRAHAM SOLOMONS, T. W.
245 0 _aQUÍMICA ORGÁNICA : GUÍA DE ESTUDIO Y RESPUESTAS
250 _a1A ED.
260 _aMEXICO
260 _aMéxico
_bLIMUSA WILEY
_c1999
300 _a659
650 _aESTEREOQUIMICA
650 _aQUIMICA ORGANICA
700 _aFERNÁNDEZ, JACK E.
942 _c01
010 _a51924
999 _c222968
_d222968